|
|
|
|
| LEADER |
00000cam a2200000 4500 |
| 001 |
vtls012074695 |
| 003 |
SK-MaSNL |
| 005 |
20260301191211.0 |
| 008 |
211022s2021 xo a ar 000 j slo |
| 015 |
|
|
|a SNBA2021/11
|
| 020 |
|
|
|a 9788057031307
|q (viazané)
|
| 040 |
|
|
|a SNK
|b slo
|c SNK
|e rda
|
| 041 |
0 |
|
|a slo
|
| 044 |
|
|
|a xo
|c SK
|
| 072 |
|
7 |
|a 821.162.4-3
|x Slovenská próza
|2 konspekt
|
| 072 |
|
7 |
|a 821-93
|x Literatúra pre deti a mládež (beletria)
|2 konspekt
|
| 080 |
|
|
|a 821.162.4-34
|2 2011
|
| 080 |
|
|
|a 82-34:808.1
|2 2011
|
| 100 |
1 |
|
|a Benková, Lucia
|4 aut
|4 ill
|9 170553
|
| 245 |
1 |
0 |
|a Úsmev na dobrú noc
|b láska, ľudskosť, slušnosť, úcta vs vzdor
|c napísala a ilustrovala: Lucia Benková
|
| 250 |
|
|
|a 4. zmenené vydanie
|
| 264 |
|
1 |
|a [Kocurany]
|b Lucia Benková
|c 2021
|
| 300 |
|
|
|a 92 strán
|b ilustrácie
|c 21 cm
|
| 336 |
|
|
|a text
|b txt
|2 rdacontent
|
| 337 |
|
|
|a bez média
|b n
|2 rdamedia
|
| 338 |
|
|
|a zväzok
|b nc
|2 rdacarrier
|
| 500 |
|
|
|a Miesto vydania podľa údajov NA ISBN
|
| 655 |
|
7 |
|a slovenské rozprávky
|2 SNKPH
|9 70528
|
| 655 |
|
7 |
|a autorské rozprávky
|2 SNKPH
|9 70727
|
| 655 |
|
7 |
|a Slovak fairy tales
|2 SNKPHeng
|9 292250
|
| 655 |
|
7 |
|a Author fairy tales
|2 SNKPHeng
|9 283778
|
| 919 |
|
|
|a 978-80-57-03130-7
|
| 958 |
|
|
|a LX
|
| 958 |
|
|
|a DB
|
| 999 |
|
|
|c 870199
|d 872129
|
| 952 |
|
|
|a SNK
|b SNK
|y PREZ
|7 0
|p 17A1467516
|o snkSC 194968
|i snk2021/16393
|8 0
|0 0
|1 0
|4 0
|d 2021-10-22
|f 1
|l 0
|r 2025-10-14 00:00:00
|w 2026-02-24
|
| 952 |
|
|
|a SNK
|b SNK
|y VYP
|7 0
|p 17A1467517
|o snkSC 194968 D1
|i snk2021/16394
|8 0
|0 0
|1 0
|4 0
|d 2021-10-22
|l 0
|r 2026-02-24 05:39:56
|w 2026-02-24
|